=LDR 00000nam 2200000 4500 =001 INLIS000000000037747 =005 20130612143449 =008 ***********************************Ind** =035 ##$$a0010-061300000037747 =041 ##$$a Ind =082 ##$$a 567.9 =090 ##$$a 567.9, Ros d =100 ##$$a Ross, Veronica =245 ##$$a Dinosaurus, mahluk paling mengerikan di dunia, Veronica Ross ; alih bahasa, Efie S. Sompie =260 ##$$a 2010 $b jakarta =300 ##$$a 190 hlm, ilus, 20 cm =650 ##$$a Dinsosaurus =700 ##$$a Sompie, Efii S =850 ##$$a NBPNMAT =990 ##$$a 94008/BPAP-NTB/2014 =990 ##$$a 94009/BPAP-NTB/2014